3D katastrálny koncept

Salvato in:
Dettagli Bibliografici
Autore principale: Bujňáková, Barbora (Autore)
Altri autori: Hudecová, Ľubica (Relatore della tesi)
Natura: Manoscritto Libro
Lingua:slovacco
Pubblicazione: 2021
Soggetti:
Accesso online:http://is.stuba.sk/zp/portal_zp.pl?podrobnosti=159051
https://opac.crzp.sk/?fn=detailBiblioForm&sid=1D055279E2D1258CBE7C291E7F1A
Tags: Aggiungi Tag
Nessun Tag, puoi essere il primo ad aggiungerne!!

MARC

LEADER 00000ntm a22000003a 4500
001 stuzp84363
003 SK-STU
005 20230511142007.1
007 ta
008 150427s2015----xo-----f-mn---000-0-slo-d
040 |a STU  |b slo 
041 0 |a slo 
100 1 |a Bujňáková, Barbora  |u 010140  |4 aut  |U SvF Stavebná fakulta  |T SvF Katedra geodézie  |X 87644  |U V140  |Y 14  |7 87644 
242 0 1 |a 3D cadastral concept  |y eng 
245 1 0 |a 3D katastrálny koncept 
260 |c 2021 
650 4 |a 3D evidovanie nehnuteľností  |2 slo 
650 4 |a BIM  |2 slo 
650 4 |a LADM  |2 slo 
650 4 |a 3D kataster  |2 slo 
650 4 |a 3D Cadastre of Real Estate  |2 eng 
650 4 |a LADM  |2 eng 
650 4 |a BIM  |2 eng 
650 4 |a 3D register of properties  |2 eng 
700 1 |a Hudecová, Ľubica  |u 010140  |k Z1  |4 ths  |U SvF Stavebná fakulta  |T SvF Katedra geodézie  |X 1662  |U V140  |Y 14  |7 A000001662 
856 4 |u http://is.stuba.sk/zp/portal_zp.pl?podrobnosti=159051 
856 4 |u https://opac.crzp.sk/?fn=detailBiblioForm&sid=1D055279E2D1258CBE7C291E7F1A